この動物は何類? - Statistics

General Stats
  • This quiz has been taken 82 times
  • The average score is 51 of 60
Answer Stats
Hint Answer % Correct
ウサギ 1.哺乳類
95%
イヌ 1.哺乳類
95%
ゾウ 1.哺乳類
95%
ネコ 1.哺乳類
93%
ヒト 1.哺乳類
93%
コアラ 1.哺乳類
93%
トラ 1.哺乳類
93%
タヌキ 1.哺乳類
93%
ナマケモノ 1.哺乳類
93%
ウシ 1.哺乳類
92%
オットセイ 1.哺乳類
92%
タカ 2.鳥類
92%
トビウオ 5.魚類
92%
カンガルー 1.哺乳類
90%
クジラ 1.哺乳類
90%
ツバメ 2.鳥類
90%
ハト 2.鳥類
90%
フクロウ 2.鳥類
90%
ニワトリ 2.鳥類
90%
ダチョウ 2.鳥類
90%
クジャク 2.鳥類
90%
トカゲ 3.爬虫類
90%
イワシ 5.魚類
90%
シーラカンス 5.魚類
90%
トンボ 6.それ以外
90%
イルカ 1.哺乳類
89%
ワシ 2.鳥類
89%
カモメ 2.鳥類
89%
ヘビ 3.爬虫類
89%
マグロ 5.魚類
89%
クモ 6.それ以外
89%
カメレオン 3.爬虫類
87%
クラゲ 6.それ以外
87%
カタツムリ 6.それ以外
87%
ヒトデ 6.それ以外
87%
フラミンゴ 2.鳥類
85%
ウナギ 5.魚類
85%
ミミズ 6.それ以外
85%
カエル 4.両生類
84%
ナマズ 5.魚類
84%
カブトムシ 6.それ以外
84%
コウモリ 1.哺乳類
82%
コイ 5.魚類
82%
カモノハシ 1.哺乳類
80%
モモンガ 1.哺乳類
80%
クリオネ 6.それ以外
80%
アルマジロ 1.哺乳類
79%
ペンギン 2.鳥類
79%
イグアナ 3.爬虫類
79%
ワニ 3.爬虫類
79%
エビ 6.それ以外
79%
ヤモリ 3.爬虫類
77%
サメ 5.魚類
77%
ワニガメ 3.爬虫類
75%
イカ 6.それ以外
75%
サンショウウオ 4.両生類
74%
カメ 3.爬虫類
70%
マンタ 5.魚類
70%
イモリ 4.両生類
64%
ムツゴロウ 5.魚類
39%
No matching quizzes found
Score Distribution
Percent of People with Each Score
Percentile by Number Answered
Your Score History
You have not taken this quiz